Teoría y problemas de Matrices.

Gespeichert in:
Bibliographische Detailangaben
1. Verfasser: Ayres, Frank (autor)
Format: Buch
Veröffentlicht: Naucalpan de Juárez, México: McGraw-Hill, 1969.
Schriftenreihe:Schaum
Schlagworte:
Tags: Tag hinzufügen
Keine Tags, Fügen Sie den ersten Tag hinzu!

MARC

LEADER 00000nam a2200000 a 4500
001 UCY0121
003 CL-VaPUC
005 20230718074447.0
008 220905t1969 ||||| |||| 00| 0 eng d
999 |c 438617  |d 438615 
040 |c Pontificia Universidad Católica de Valparaíso 
082 0 4 |a 512.943 AYR 1969  |2 21 
100 0 |a Ayres, Frank  |e autor  |9 327731 
245 1 0 |a Teoría y problemas de Matrices. 
260 |a Naucalpan de Juárez, México:  |b McGraw-Hill,  |c 1969. 
300 |a 219 páginas. 
490 0 |a Schaum 
500 |a c.1. Donación Biblioteca Ingeniería. Memo ING 08/2022. 18/08/2022. 
500 |a Teoría y 340 problemas resueltos. 
583 |a last modification  |c 19940713 00:00:00  |k Catalogador Asistente 
650 0 |a Matrices   |9 22 
650 0 |a Matemática  |9 260235 
942 |c BK  |2 ddc 
945 |d 19940713 00:00:00  |a mfernand 
952 |0 0  |1 0  |2 ddc  |4 0  |6 512_943000000000000_AYR_1969  |7 0  |8 A  |9 586593  |a BIBMEC  |b BIBMEC  |c GEN  |d 2022-09-05  |e Donación  |i 5654565  |o 512.943 AYR 1969  |p 5654565  |r 2024-01-19  |t 1  |w 2022-09-05  |y BK  |k MEC